|
|
|
|
| LEADER |
00000nab a2200000 a 4500 |
| 001 |
vtls010640449 |
| 003 |
SK-MaSNL |
| 005 |
20260305031701.0 |
| 008 |
141202 2014 xo m 000 0 slo |
| 038 |
|
|
|a PPPK
|
| 040 |
|
|
|a PPPKCL
|b slo
|c PPPK
|e AACR2
|
| 041 |
0 |
|
|a slo
|
| 044 |
|
|
|a xo
|c SK
|
| 080 |
|
|
|a 616-051
|x (437.6)
|2 2001
|
| 080 |
|
|
|a 730.027
|2 2001
|
| 245 |
0 |
0 |
|a Odhalenie pamätnej tabule Alexandra Küchela
|c [autor] (sib)
|
| 600 |
1 |
7 |
|a Küchel, Alexander,
|d 1893-1944
|2 pppkcl
|9 1610045
|
| 648 |
|
7 |
|a 3.9.2014
|2 pppkcl
|9 1098736
|
| 650 |
0 |
7 |
|a lekári
|2 pppkcl
|9 3195
|
| 650 |
0 |
7 |
|a pamätné tabule
|2 pppkcl
|9 29445
|
| 650 |
0 |
7 |
|a slávnostné odhalenie
|2 pppkcl
|9 1043524
|
| 651 |
|
7 |
|a Spišská Stará Ves (Slovensko)
|2 pppkcl
|9 54503
|
| 651 |
|
7 |
|a Kežmarok (Slovensko : okres)
|2 pppkcl
|9 51824
|
| 773 |
0 |
|
|t Zamagurské noviny : regionálny mesačník
|g Roč. III, č. 9 (2014), s. 2
|
| 852 |
|
|
|a PPPK
|b KIS3GCP
|
| 999 |
|
|
|c 3317039
|d 3318969
|